000 00621nam a2200205Ia 4500
003 GCL
008 140319s9999 xx 000 0 ara d
040 _aGCL /
_cGCL
082 0 4 _a250.9
_bم ت
100 1 _aمحمد الخضرى
245 1 0 _aتاريخ التشريع الاسلامى /
_cمحمد الخضرى
260 _a[S.N] :
_bدار الكتب العلمية للنشر والتوزيع ،
_c1988
300 _a264 ص
490 _a
650 0 4 _aتاريخ
650 0 4 _aالاسلام
650 0 4 _aالشريعة الاسلامية
650 0 4 _aالتشريع الاسلامى
942 _2ddc
_cBK
999 _c27947
_d27947